000 00624nam a2200205 a 4500
005 20240511063732.0
008 991125s1929 mej 000 0 spa u
035 _aUPN01000034055
049 _aLT
050 4 _aLB1577 M6.4
_bF7.4 1929
100 1 _aF. T. D.
245 1 0 _aLecciones de lengua española :
_bprimer libro /
_cpor F. T. D
260 _aMéjico :
_bF. T. D.,
_c1929
300 _a239 p. :
_bil
440 0 _aLibros de lengua nacional F. T. D.
500 _a"Para cuarto año de enseñanza elemental"
650 4 _aEspañol
_xEstudio y enseñanza (Elemental)
_92806
904 _aAC
_b034056
905 _aLibro
999 _c34055
_d34055